Statistics for Crazy Ex-Girlfriend Solo Songs to Character

Click here to take the quiz!

General Stats

  • This quiz has been taken 80 times
  • The average score is 85 of 92

Answer Stats

QuestionTileSelect% Correct
Solos By RebeccaClean Up On Aisle FourNo
100%
Solos By DarrylA Boy Band Made Up of Four JoshesNo
99%
Solos By ValenciaButtload Of CatsNo
99%
Solos By PaulaDear Joshua Felix ChanNo
99%
Solos By HeatherEleven O'ClockNo
99%
Solos By Greg (Old and New)Forget ItNo
99%
Solos By Greg (Old and New)Group HangNo
99%
Solos By Greg (Old and New)Having A Few People OverNo
99%
Solos By DarrylHello, Nice To Meet YouNo
99%
Solos By ValenciaI Give Good ParentNo
99%
Solos By JoshI'm Just A Boy In LoveNo
99%
Solos By Greg (Old and New)Love's Not a GameNo
99%
Solos By DarrylMakey MakeoverNo
99%
Solos By RebeccaSanta Ana WindsNo
99%
Solos By PaulaScary Scary Sexy LadyNo
99%
Solos By JoshSex With A StrangerNo
99%
Solos By JoshSexy French DepressionNo
99%
Solos By PaulaThe End of The MovieNo
99%
Solos By Greg (Old and New)The End Of The MovieNo
99%
Solos By NathanielThe Villain In My Own StoryNo
99%
Solos By NathanielWhat'll It Be?No
99%
Solos By Greg (Old and New)Who's the New Guy?No
99%
Solos By DarrylApple ManNo
97%
Solos By DarrylDon't Be A LawyerNo
97%
Solos By ValenciaDon't Settle For Me (Reprise)No
97%
Solos By PaulaDream GhostNo
97%
Solos By RebeccaHeavy BoobsYes
97%
Solos By JoshI'm A Good PersonNo
97%
Solos By NathanielI'm A Good PersonNo
97%
Solos By ValenciaI'm So Good At YogaYes
97%
Solos By PaulaLets Generalize About MenNo
97%
Solos By DarrylMy Sperm is HealthyYes
97%
Solos By DarrylSettle For HimNo
97%
Solos By ValenciaSlow MotionNo
97%
Solos By ValenciaSo MaternalNo
97%
Solos By DarrylThe CringeNo
97%
Solos By ValenciaThe Math Of Love TrianglesNo
97%
Solos By Greg (Old and New)The Tick Tock ClockNo
97%
Solos By HeatherWe'll Never Have Problems AgainNo
97%
Solos By Greg (Old and New)I Hate Everything But YouYes
96%
Solos By ValenciaI'm Not Sad, You're SadNo
96%
Solos By RebeccaLove KernelsYes
96%
Solos By HeatherMy Friend’s DadNo
96%
Solos By HeatherNothing Is Ever Anyone's FaultNo
96%
Solos By HeatherThe Moment Is MeYes
96%
Solos By RebeccaThought BubblesNo
96%
Solos By NathanielWe'll Never Have Problems AgainNo
96%
Solos By ValenciaWhere's Rebecca Bunch?No
96%
Solos By PaulaYou Go FirstNo
96%
Solos By RebeccaFriendtopiaNo
94%
Solos By RebeccaGet Your Ass Out Of My HouseNo
94%
Solos By HeatherGratuitous Karaoke MomentNo
94%
Solos By RebeccaHorny Angry TangoNo
94%
Solos By NathanielI Feel Like This Isn't About MeNo
94%
Solos By NathanielIf You Ever Need A Favor In 50 YearsNo
94%
Solos By Greg (Old and New)I Gave You A UTIYes
94%
Solos By Greg (Old and New)Man NapNo
94%
Solos By NathanielMaybe She's Not Such A Heinous Bitch After AllNo
94%
Solos By PaulaMaybe This DreamYes
94%
Solos By PaulaMiracle of BirthYes
94%
Solos By HeatherOh My God I Think I Like YouNo
94%
Solos By JoshTime To Seize The DayNo
94%
Solos By RebeccaWest Covina (Original)Yes
94%
Solos By JoshWhat U Missed While U Were PopularNo
94%
Solos By JoshFit Hot Guys Have Problems TooNo
93%
Solos By DarrylGettin BiYes
93%
Solos By NathanielI Go To The ZooYes
93%
Solos By NathanielNo One Else is Singing My SongNo
93%
Solos By ValenciaWomen Gotta Stick TogetherYes
93%
Solos By Greg (Old and New)I Could If I Wanted To (Original)Yes
91%
Solos By RebeccaThe DarknessYes
91%
Solos By JoshDuh!Yes
90%
Solos By PaulaFirst Penis I SawYes
90%
Solos By Greg (Old and New)It Was A Shit ShowYes
90%
Solos By Rebecca(Tell Me I'm Okay) PatrickYes
90%
Solos By JoshI've Got My Head In The CloudsYes
88%
Solos By NathanielLet Me Call You SweetheartNo
88%
Solos By DarrylYou're My Best Friend (and I Know I'm Not Yours)Yes
88%
Solos By PaulaAfter Everything You Made Me Do (Original)Yes
87%
Solos By JoshAngry MadYes
87%
Solos By PaulaI've Always Never Believed In YouYes
87%
Solos By DarrylFarewell, Fair MustacheYes
86%
Solos By NathanielLet's Have IntercourseYes
84%
Solos By JoshThought Bubbles (Original)Yes
84%
Solos By ValenciaThis Is My MovementYes
81%
Solos By RebeccaCold ShowersNo
78%
Solos By PaulaFace Your Fears (Reprise)No
78%
Solos By ValenciaI'm The Bride Of The Pirate KingYes
77%
Solos By HeatherStuck In The BathroomYes
71%
Solos By DarrylHow To Clean UpYes
62%
Solos By JoshPing Pong GirlYes
62%
Solos By NathanielEtta Mae's Lament (revised)Yes
54%

Score Distribution

Percentile by Number Answered

Percent of People with Each Score

Your Score History

You have not taken this quiz